000 00399cam a22001217a 4500
008 180718b1965 xxu||||| |||| 00| 0 eng d
082 _aA81x54 In2/61/Vol 9/Pt 6-14
100 _aCensus of India 1961
245 _aMadras: village survey mongraphs, Visavanoor
260 _aDelhi
_bThe Manager of Publications
_c1965
300 _a118+p.
440 _aCensus of India 1961. Volume IX, Madras. Part VI-14
999 _c484215
_d484215